000 00462nam a22001577a 4500
005 20250131184252.0
008 250131b |||||||| |||| 00| 0 eng d
020 _a9780721684246
050 _aRC76
_b.J37
100 _aJarvis, Carolyn
245 _aPhysical Examination and Health Assessment/
_cCarolyn Jarvis
250 _a3rd ed.
260 _aPhiladelphia
_bW. B. Saunders Company
_c2000
300 _axx.956p.
_bill. color
_c28cm
942 _2lcc
_cBK
_e3rd ed.
_n0
999 _c3319
_d3319